00779nam a2200193 a 450000100100000000500170001000800410002704000250006808200110009324501190010426000720022330000200029559000260031570000430034170000210038471000540040595201090045999900170056800004922420201002061742.0190730s2002 dr 000 0 spa d aDO-SdBNPbspacBNPHU axxbxx 0aGualey :bCaracterísticas socio-económicas y demográficas /ccoordinación Julio César Santana, J. Ayala. aSanto Domingo, República Dominicana :bCiudad Alternativa,c2002. a64 p. ;c26 cm. aInventariado, 2019/VM1 aSantana, Julio César Santana,9765261 aAyala, J.9765271 aCidad Alternativa (República Dominicana)976528 0010718PDaPDbPDcHDd2019-07-30iLF1l0oxx xxp49225-10r2020-06-25w2020-06-25yLFPDZNo se presta c48712d48712